| 000 | 00617nam a2200181Ia 4500 | ||
|---|---|---|---|
| 003 | OSt | ||
| 005 | 20250204123037.0 | ||
| 008 | 210210b1955 xxu||||| |||| 00| 0 eng d | ||
| 040 | _cAL | ||
| 041 | _akan | ||
| 082 | _a853/250 | ||
| 100 |
_aBASAVARAJA KATTIMANI _9161389 _dಬಸವರಾಜ ಕಟ್ಟೀಮನಿ. |
||
| 245 |
_aPattanada hudugi: nalku ankagala sangita nataka: _bಪಟ್ಟಣದ ಹುಡುಗಿ ನಾಲ್ಕು ಅಂಕಗಳ ಸಂಗೀತ ನಾಟಕ |
||
| 260 |
_aBengaluru _bSharada Prakatanalaya _c1955 |
||
| 690 |
_aKannada Drama _9161390 |
||
| 906 | _a019522 | ||
| 942 |
_2ddc _cBK |
||
| 999 |
_c143646 _d143646 |
||